Biggest cities by population starting with L - Statistics

General Stats
  • This quiz has been taken 46 times
  • The average score is 8 of 13
Answer Stats
Population Country Answer % Correct
9,000,000 Nigeria Lagos
100%
7,556,900 UK London
100%
7,737,000 Peru Lima
98%
3,971,900 USA Los Angeles
90%
2,776,200 Angola Luanda
90%
6,310,900 Pakistan Lahore
83%
1,267,400 Zambia Lusaka
69%
2,472,000 India Lucknow
43%
1,373,800 DRC Lubumbashi
38%
2,628,400 China Lanzhou
24%
1,545,400 India Ludhiana
14%
1,390,600 China Luoyang
5%
1,137,600 China Lijiang
2%
No matching quizzes found
Score Distribution
Percent of People with Each Score
Percentile by Number Answered
Your Score History
You have not taken this quiz